000 00877 a2200217 4500
008 080820t xxu||||| |||| 00| 0 eng d
010 _aENG-84866
020 _a8187358238
_c675.00
035 _aEN-68399
037 _bD.B.Act / Pub
082 _a325.8
245 _aUnbecoming modern
_bcolonialism, modernity, colonial modernities
_cedited by Saurabh Dube and Ishita Banerjee-Dube
260 _aNew Delhi
_bSocial Science Press
_c2006
270 _a69, Jor Bagh Road
_bNew Delhi
_cDelhi
_e110003
300 _ax, 257 p. ;
_c21 cm. (Hb)
500 _aIncludes bibliographical references
700 _aDube, Saurabh
700 _aBanerjee-Dube, Ishita
942 _adpl
_cEN
_k325.8 / UNB
_2ddc
_h325.8
_mUNB
999 _c612
_d612